| 000 | 01299nam a2200289Ia 4500 | ||
|---|---|---|---|
| 005 | 20220317001010.0 | ||
| 008 | 160825s2009 ck a g 000 0 spa | ||
| 020 | _a97895830045012 | ||
| 100 | 1 |
_aChesterton, Gilbert Keith _d1874-1936 |
|
| 245 | 1 | 3 |
_aEl poeta y los lunáticos _cG.K Chesterton ; ilustrado por Karol Guerrero |
| 250 |
_a1a. edición _b1a.reimpresión |
||
| 300 |
_a291 páginas _bilustraciones _c23 cm |
||
| 490 | _aCajón de cuentos | ||
| 505 | _aLos amigos fantásticos ; El pájaro amarillo ; La sombra del tiburón ; El crimen de Gabriel Gale ; El dedo de piedra ; La casa del pavo real ; La joya escarlata ; El asilo de la aventura | ||
| 534 | _tThe poet and the lunatics | ||
| 650 | 1 | 4 |
_2LEMB _aCuentos ingleses _ySiglo XX |
| 650 | 1 | 4 |
_2LEMB _aLiteratura inglesa _ySiglo XX |
| 700 | 1 |
_aGuerrero, Karol _964165 |
|
| 740 |
_aLos amigos fantásticos _aEl pájaro amarillo _aLa sombra del tiburón _aEl crimen de Gabriel Gale _aEl dedo de piedra _aLa casa del pavo real _aLa joya escarlata _aEl asilo de la aventura |
||
| 942 |
_2loc _cBK |
||
| 264 |
_aBogotá _bPanamericana _c2009 |
||
| 336 |
_atexto _btxt _2rdacontent |
||
| 337 |
_asin mediación _bn _2rdamedia |
||
| 338 |
_avolumen _bnc _2rdacarrier |
||
| 040 |
_aCO-BoRNBP _bspa _erda _cCO-BoRNBP |
||
| 084 | _aC CHE4 | ||
| 999 |
_c5627 _d5627 |
||